Statistics for Spell the Marvel Character #118

Click here to take the quiz!

General Stats

  • This quiz has been taken 9 times
  • The average score is 5 of 7

Answer Stats

Answer% Correct
Groot
100%
Moon Knight
100%
Rocket Raccoon
89%
Angel
78%
Gamora
56%
American Dream
44%
Old Man Spider
44%

Score Distribution

Percentile by Number Answered

Percent of People with Each Score

Your Score History

You have not taken this quiz